Central Library OPAC University of Rajshahi

فهرست كتب /List of Book / (Record no. 83173)

MARC details
000 -LEADER
fixed length control field 00795nam a2200229 a 4500
001 - CONTROL NUMBER
control field 83173
003 - CONTROL NUMBER IDENTIFIER
rucl marc code BD-RjUL
005 - DATE AND TIME OF LATEST TRANSACTION
control field 20240228112141.0
008 - FIXED-LENGTH DATA ELEMENTS--GENERAL INFORMATION
fixed length control field 240228s1967 ii 000 0 ara d
035 ## - SYSTEM CONTROL NUMBER
System control number (BD-RjUL)83173
040 ## - CATALOGING SOURCE
Original cataloging agency HAI
Language of cataloging eng
Transcribing agency BD-RjUL
041 0# - LANGUAGE CODE
Language code of text/sound track or separate title ara
082 ## - DEWEY DECIMAL CLASSIFICATION NUMBER
Edition number 23
Classification number 016.091297
Author mark and year ASF 1965
110 2# - MAIN ENTRY--CORPORATE NAME
Corporate name or jurisdiction name as entry element خدا بخش أوريينتال پابليك لايبريري
9 (RLIN) 506
245 10 - TITLE STATEMENT
Title فهرست كتب /List of Book /
Statement of responsibility, etc. قاضي محمد اسراف ;; Qazi muhammad Ashraf
246 33 - VARYING FORM OF TITLE
Title proper/short title مفتاح الكنوز الخفية
260 ## - PUBLICATION, DISTRIBUTION, ETC. (IMPRINT)
Place of publication, distribution, etc. پنطه :
Name of publisher, distributor, etc. Adarah tahqiqat i Islami,
Date of publication, distribution, etc. 1967
300 ## - PHYSICAL DESCRIPTION
Pagination ٣ م. ؛
Size ٣٤ س.
650 #4 - SUBJECT ADDED ENTRY--TOPICAL TERM
Topical term or geographic name as entry element Manuscripts, Arabic
Geographic subdivision India
-- Patna
Form subdivision Catalogs
9 (RLIN) 507
Topical term or geographic name as entry element Manuscripts, Persian
Geographic subdivision India
-- Patna
Form subdivision Catalogs
9 (RLIN) 508
942 ## - ADDED ENTRY ELEMENTS (KOHA)
Source of classification or shelving scheme Dewey Decimal Classification
Koha item type Books
Holdings
Lost status Source of classification or shelving scheme Damaged status Not for loan Collection code Permanent Location Current Location Shelving location Date acquired Full call number Date last seen Copy number Koha item type
  Dewey Decimal Classification   Not For Loan Non-fiction Central Library, University of Rajshahi Central Library, University of Rajshahi Reading Room 28/02/2024 A 016.091297 ASF 1965 28/02/2024 C-1 Books